Un palacio para el rey /
Guardado en:
| Autor Principal: | |
|---|---|
| Otros Autores: | |
| Formato: | Libro |
| Publicado: |
Madrid :
Alianza,
1985
|
| Materias: | |
| Etiquetas: |
Agregar Etiqueta
Sin Etiquetas, Sea el primero en etiquetar este registro!
|
| LEADER | 00503nam a22001695a 4500 | ||
|---|---|---|---|
| 001 | EHU.bham012467 | ||
| 003 | AR-BHAM | ||
| 005 | 20100223144913.0 | ||
| 008 | 130507s1985##################000#0#####d | ||
| 082 | 9 | 4 | |a 946.05 |
| 100 | 1 | |a Brown, Jonathan | |
| 245 | 1 | 0 | |a Un palacio para el rey / |c Jonathan Brown , J. H. Elliot , |
| 260 | |a Madrid : |b Alianza, |c 1985 | ||
| 300 | |a 319 p. | ||
| 653 | |a Historia de espaÑa-1598-1808 | ||
| 700 | 1 | |a Elliot, J. H. | |
| 859 | |a AR-BHAM |b BIB. HUMANIDADES - General |h 946.05 |i B813 |p 62.92 |t Ej.1 | ||
